000 00534 a2200193 4500
020 _a0-471-33328-X
040 _aLibrary of Congress
_bEnglish
082 _a510.2462
100 1 _aKreyszig, Erwin
245 0 0 _aAdvanced engineering mathematics
_cErwin Kreyszig
250 _a8th ed.
260 _aNew York :
_bWiley,
_cc1999.
300 _axvi, 1156, 97, 20 p. :
_bill.
650 7 _aMathematical physics
650 7 _aMathematics
650 7 _aMathematics
650 7 _aMathematics (Engineering)
942 _cBK
_k510.2462 KRE
_2ddc
999 _c4411
_d4411